| 000 | 00775nam a2200217Ii 4500 | ||
|---|---|---|---|
| 003 | JO-AjNU | ||
| 008 | 230605s9999||||xx |||||||||||||| ||und|| | ||
| 040 |
_aJO-AjNU _bara _erda _cJO-AjNU |
||
| 041 | _aara | ||
| 050 | 1 | 4 | _aDS115.5 1993 |
| 100 | 3 |
_a المؤسسة العربية للدراسات والنشر, _eauthor _913086 |
|
| 245 | 0 | 0 | _aفلسطين |
| 250 | _aط1 | ||
| 264 | 3 | 1 | _aبيروت: المؤسسة العربية للدراسات والنشر، 1993 |
| 300 | _a238ص | ||
| 336 |
_atext _btxt _2rdacontent |
||
| 337 |
_aunmediated _bn _2rdamedia |
||
| 338 |
_avolume _bnc _2rdacarrier |
||
| 490 | 0 | _aكتاب قضايا عربية في الوحدة العربية وقضايا المجتمع العربي | |
| 650 | 4 |
_aفلسطين- تاريخ _913087 |
|
| 999 |
_aA3165 _c6733 _d6733 |
||